000 00709nam a2200205Ia 4500
005 20241129105808.0
008 241129s9999||||xx |||||||||||||| ||und||
037 _aTB
040 _aARTS
_bpun
_cARTS
041 _apun
_2pun
084 _aO153,1:g R1
_qARTS
100 _aਸਿੰਘ, ਹਰਿਭਜਨ, ਚ।
245 0 _aਰੂਪਕੀ
_cਸਿੰਘ, ਹਰਿਭਜਨ, ਚ।
260 _aਅੰਮ੍ਰਿਤਸਰ, ਭਾਰਤ
_bਅੰਮ੍ਰਿਤਸਰ ਗੁਰੂ ਨਾਨਕ ਦੇਵ ਯੂਨੀਵਰਸਿਟੀ
_c2021
300 _a101ਪ੍ਰ0
365 _aINR
_b100
650 _aPunjabi Poetry
_9187334
942 _cTB
_hO153,1:g R1
999 _c1225976
_d1225976